00482nam a2200145 i 4500001000700000003000900007005001700016007000300033008004100036100003400077245013700111260004600248300002200294852002000316132012ES-MaACL20230906194104.0t|070214s1931 sp r ||||1| spa d1 aRodríguez Revilla, Vicente.13aEl agro español y sus moradores b: la política agraria y la economía rural en la República / cVicente Rodríguez Revilla. aMadrid : bUlises, c1931 (fGalo Sáez) a216 p. ; c19 cm. aES-MaACLjA-533